<?xml version="1.0" encoding="UTF-8"?><?xml-stylesheet type="text/xsl" href="static/style.xsl"?><OAI-PMH xmlns="http://www.openarchives.org/OAI/2.0/" xmlns:xsi="http://www.w3.org/2001/XMLSchema-instance" xsi:schemaLocation="http://www.openarchives.org/OAI/2.0/ http://www.openarchives.org/OAI/2.0/OAI-PMH.xsd"><responseDate>2026-04-29T06:30:07Z</responseDate><request verb="GetRecord" identifier="oai:repisalud.isciii.es:20.500.12105/13036" metadataPrefix="marc">https://repisalud.isciii.es/rest/oai/request</request><GetRecord><record><header><identifier>oai:repisalud.isciii.es:20.500.12105/13036</identifier><datestamp>2024-05-26T19:59:13Z</datestamp><setSpec>com_20.500.12105_2203</setSpec><setSpec>com_20.500.12105_2202</setSpec><setSpec>col_20.500.12105_19585</setSpec><setSpec>col_20.500.12105_19580</setSpec></header><metadata><record xmlns="http://www.loc.gov/MARC21/slim" xmlns:dcterms="http://purl.org/dc/terms/" xmlns:doc="http://www.lyncode.com/xoai" xmlns:xsi="http://www.w3.org/2001/XMLSchema-instance" xsi:schemaLocation="http://www.loc.gov/MARC21/slim http://www.loc.gov/standards/marcxml/schema/MARC21slim.xsd">
   <leader>00925njm 22002777a 4500</leader>
   <datafield ind2=" " ind1=" " tag="042">
      <subfield code="a">dc</subfield>
   </datafield>
   <datafield ind2=" " ind1=" " tag="720">
      <subfield code="a">Instituto de Salud Carlos III</subfield>
      <subfield code="e">author</subfield>
   </datafield>
   <datafield ind2=" " ind1=" " tag="260">
      <subfield code="c">2021-05-05</subfield>
   </datafield>
   <datafield ind2=" " ind1=" " tag="520">
      <subfield code="a">A medida que aumenta la esperanza de vida, la edad y las enfermedades relacionadas con la edad se convierten en un creciente problema de salud, especialmente en los países más desarrollados. El envejecimiento es el factor de riesgo conocido más importante en la aparición y desarrollo de enfermedades neurodegenerativas y, aunque en sí mismo no es una enfermedad, produce cambios importantes en el tejido cerebral que, en ocasiones, aumentan el riesgo de enfermedad. Una de las líneas de investigación de la Unidad Funcional de Investigación en Enfermedades Crónicas (UFIEC) es el estudio de la inflamación en el sistema nervioso central.</subfield>
   </datafield>
   <datafield ind1="8" ind2=" " tag="024">
      <subfield code="a">http://hdl.handle.net/20.500.12105/13036</subfield>
   </datafield>
   <datafield tag="653" ind2=" " ind1=" ">
      <subfield code="a">Inflamación del cerebro</subfield>
   </datafield>
   <datafield tag="653" ind2=" " ind1=" ">
      <subfield code="a">Enfermedades neurodegenerativas</subfield>
   </datafield>
   <datafield tag="653" ind2=" " ind1=" ">
      <subfield code="a">Envejecimiento</subfield>
   </datafield>
   <datafield tag="653" ind2=" " ind1=" ">
      <subfield code="a">Laboratorio de Neuroinflamación</subfield>
   </datafield>
   <datafield ind2="0" ind1="0" tag="245">
      <subfield code="a">Comprender la inflamación del cerebro, clave en enfermedades neurodegenerativas ligadas al envejecimiento</subfield>
   </datafield>
</record></metadata></record></GetRecord></OAI-PMH>